Shakespeare y el teatro frances hasta corneille /
Guardado en:
| Autor Principal: | |
|---|---|
| Formato: | Libro |
| Publicado: |
Buenos Aires :
El Ombu,
1933
|
| Series: | Las Dos Caratulas ; 5
|
| Materias: | |
| Etiquetas: |
Agregar Etiqueta
Sin Etiquetas, Sea el primero en etiquetar este registro!
|
| LEADER | 00666nam a22002175a 4500 | ||
|---|---|---|---|
| 001 | EHU.bham024650 | ||
| 003 | AR-BHAM | ||
| 005 | 20130507153535.0 | ||
| 008 | 130507s1933##################000#0#####d | ||
| 082 | 8 | 0 | |a 802.09 |
| 100 | 1 | |a Saint-victor, Paul De | |
| 245 | 1 | 0 | |a Shakespeare y el teatro frances hasta corneille / |c Paul De Saint-victor |
| 260 | |a Buenos Aires : |b El Ombu, |c 1933 | ||
| 300 | |a 157 p. | ||
| 490 | 0 | |a Las Dos Caratulas ; 5 | |
| 500 | |a Biblioteca De Los Grandes Maestros | ||
| 653 | |a Donacion lejarraga | ||
| 653 | |a Teatro | ||
| 653 | |a Teatro frances | ||
| 653 | |a Shakespeare | ||
| 859 | |a AR-BHAM |b BIB. HUMANIDADES - General |h 802.09 |i SA22 |p 420.02 |t Ej.1 |v V |3 V | ||
